000 00991nam a22001935i 4500
001 161819
003 ES-MaACL
005 20250726063042.0
008 020225s1855 sp |||| | spa d
040 _aCAM
_bspa
_cCAM
100 1 _aPérez Escrich, Enrique,
_d1829-1897
_990847
245 1 0 _aSueños de amor y ambición
_b: drama en cuatro actos y en verso /
_coriginal de Enrique Perez Escrich.
260 _aMadrid :
_b[s.n.],
_c1855 (
_fImprenta de José Rodriguez)
300 _a86 p. ;
_c18 cm.
500 _aEn port.: Representado por primera vez en el teatro Principal de Valencia, la noche del 9 de abril de 1853.
596 _aEn verso de port. consta: La propiedad de este drama pertenece al director de la Galería lírico-dramática El Teatro ...
852 _aES-MaACL
_jF-8598(3)
_z-- Enc. pasta española
_q-- Falto de la cub. original
_z-- Enc. en un vol. facticio ormando parte de la col. facticia "Teatro español moderno", vol. 51
999 _c161819
_d161819